Statistics for 2021年中美洲百万人口城市

Click here to take the quiz!

General Stats

  • This quiz has been taken 65 times
  • The average score is 11 of 27

Answers on the Map

Answers color-coded by a green-red scale on the quiz's map according to % correct below.
 

Answer Stats

人口(万)城市% Correct
2,450.0墨西哥城
100%
332.5太子港
89%
222.5哈瓦那
87%
156.0巴拿马城
85%
320.0危地马拉城
61%
237.5圣何塞
59%
400.0圣多明各
56%
188.0圣萨尔瓦多
54%
555.0瓜达拉哈拉
49%
560.0蒙特雷
48%
192.0圣胡安
44%
117.0特古西加尔巴
38%
135.0马那瓜
38%
210.0蒂华纳
34%
101.0奇瓦瓦市
33%
126.0梅里达
26%
156.0华雷斯城
25%
123.0圣佩德罗苏拉
23%
402.5普埃布拉
20%
131.0圣路易斯波托西
20%
154.0克雷塔罗
18%
215.0莱昂
16%
255.0托卢卡
13%
104.0萨尔蒂约
8%
115.0阿瓜斯卡连特斯
8%
137.0托雷翁
7%
117.0库埃纳瓦卡
5%

Score Distribution

Percentile by Number Answered

Percent of People with Each Score

Your Score History

You have not taken this quiz